000 00430nam a2200145 a 4500
001 000038566
005 20201002031311.0
008 110801s2004 dr g 000 0 spa d
040 _aDO-SdBNP
_bspa
_cBNPHU
082 _axxx
_bH557c
100 1 _aHernández, Julio Alberto
_958650
245 1 0 _aCanciones /
_cJulio Alberto Hernández.
260 _aSanto Domingo :
_bEditora Ciguapa,
_c2004.
300 _a107 p. :
_bil.,Mús. ;
_c24 cm.
999 _c38056
_d38056